What Taylor Swift Songs are REAL (Fearless) - Statistics

General Stats
  • This quiz has been taken 94 times
  • The average score is 10 of 13
Answers on the Grid
Answers color-coded by a green-red scale on the quiz's grid according to % correct below.
Cats
Mean
Don't You
You Belong With Me
Fearless
Always Together
Please Babe
White Horse
Don't Do It
Delicate
We Belong Together
Touch
Hey Stephen
How'd You Do It?
Breathe
13
Jump Then Fall
Talk To Me
Hi Stephen
Breath
The Way I Loved You
Lovers
Forever and Always
Same
Change
15
Love Story
The Love We Had
Better Man
That's When
 
Answer Stats
Answer % Correct
You Belong With Me
94%
White Horse
92%
Fearless
91%
Hey Stephen
87%
The Way I Loved You
79%
Breathe
72%
Forever and Always
72%
Jump Then Fall
72%
Love Story
72%
Change
66%
Don't You
64%
That's When
57%
15
51%
No matching quizzes found
Score Distribution
Percent of People with Each Score
Percentile by Number Answered
Your Score History
You have not taken this quiz